| 000 | 00626nam a2200121Ia 4500 | ||
|---|---|---|---|
| 008 | 160712s9999 xx 000 0 und d | ||
| 100 | _aManalastas, Eric Julian. | ||
| 245 |
_cEric Julian Manalastas _aFake. Written by Floy Quintos. Directed by Tony Mabesa. UP Playwright’s Theatre. (May 7-15, 2011 at Teatro Hermogenes Ylagan, Bulwagang Rizal Faculty Center Bldg., University of the Philippines, Diliman, Quezon City, Philippines.) |
||
| 260 |
_c2011 _bSocial Science Diliman |
||
| 300 | _avol. 7 no. 1 | ||
| 650 | _xSOCIAL SCIENCE | ||
| 856 | _uhttp://journals.upd.edu.ph/index.php/socialsciencediliman/issue/view/254/showToc | ||
| 999 |
_c297663 _d297663 |
||